Представление документа в формате RUSMARC

ПолеНазваниеЗначение
  Тип записи a
  Библиографический уровень m
001 Контрольный номер Book/2940
005 Дата корректировки 20240209174419.3
010 Индекс ISBN __
a ISBN 978-5-699-07730-4
b Уточнения в пер.
d Цена 836 р. 00 к.
9 Тираж 3000 экз.
090 Данные записи __
a Состояние записи 85.15
b Тип записи Книги
c Язык записи Русский
d Отрасль знаний (КСУ) Другая
e Секретность Несекретно
g Вид записи Монография (однотомник)
x Дата передачи записи для обработки Д15
100 Данные общей обработки __
a Данные общей обработки 20091127d2013 u u 1rusy ||||ca
101 Язык документа 0_
a Язык текста rus
105 Кодированные данные (монография) __
a Кодированные данные (монография) a z 000yy
200 Заглавие и сведения об ответственности 1_
a Заглавие Дали
b Общее обозначение материала Текст
e Сведения, относящиеся к заглавию шедевры графики
g Последующие сведения об ответственности сост., концепция, примеч. и коммент. И. Пименовой
210 Выходные данные 1_
a Место издания Москва
c Издательство ЭКСМО
d Дата издания 2008
215 Физическое описание __
a Объем 222 с.
c Иллюстрации/тип воспроизводства ил.
225 Серия 1_
a Серия Шедевры графики
300 Общие примечания __
a Общие примечания Ограничения по возрасту - 12+
600 Персоналии _0
a Персоналии (Фамилия) Дали
b Персоналии (Имя, инициалы) С.
606 Тематические рубрики 0_
a Основная рубрика Дали, Сальвадор (1904-1989)
610 Ключевые слова 0_
a Ключевые слова искусство
a Ключевые слова живопись
a Ключевые слова графика
a Ключевые слова картины
a Ключевые слова альбомы
686 Индексы других классификаций __
a Классификационный индекс 85.153(3)
2 Код системы rubbk
801 Источник записи _0
a Страна RU
b Организация МБУК ЦБС г. Ульяновска
c Дата составления 20091127
801 Источник записи _1
a Страна RU
b Организация МБУК ЦБС г. Ульяновска
c Дата составления 20091127
899 Данные о местонахождении __
3 Книга № 4660
a Местонахождение 1 ф
i Авторский знак Д 15
j Расстановочный фильтр 85.15
d Название фонда Инв.книга №1
q Состояние Свободно
x Инвентарный номер 134697
901 Тип документа __
t Тип документа m
910 Корректоры записи __
a Корректор записи Мазина